The Scottish Antiquary, or, Northern Notes and Queries

محفوظ في:

التنسيق: دورية

اللغة: Undetermined

منشور في: JSTOR
Edinburgh University Press

الوصول للمادة أونلاين: Login to view Source

الوسوم: إضافة وسم

لا توجد وسوم, كن أول من يضع وسما على هذه التسجيلة!

رقم الطلب:

LEADER 00487nas a2200145Ia 4500
008 220214c99999999xx |||||||||||| ||und||
022 |a 2042-0013 
245 0 4 |a The Scottish Antiquary, or, Northern Notes and Queries 
264 1 |b JSTOR 
264 1 |b Edinburgh University Press 
362 0 |a Vol. 5(1890)-17 (1903) 
856 4 0 |u https://www.jstor.org/journal/scotantnornotque 
942 |c JL 
952 |0 0  |1 0  |4 0  |7 1  |9 37158  |a JSR  |b JSR  |d 2022-02-14  |l 0  |r 2022-02-14 00:00:00  |w 2022-02-14  |y JL 
999 |c 45489  |d 45489